Statistics for Largest Cities in the World in 500 BC

Click here to take the quiz!

General Stats

  • This quiz has been taken 47 times
  • The average score is 6 of 20

Answer Stats

Modern-Day CountryPopulationCity% Correct
Iraq181kBabylon
86%
Egypt95kMemphis
75%
Egypt96kThebes
72%
Tunisia83kCarthage
61%
Uzbekistan75kSamarkand
47%
Iraq118kNineveh
44%
Guatemala92kTikal
42%
China166kLuoyang
33%
Mexico85kTeotihuacan
28%
Iran49kSusa
25%
Belize101kCaracol
19%
Turkey56kHattusa
14%
Egypt114kPi-Ramesses
14%
China112kYin
14%
Iraq91kAvaris
11%
Turkey49kMiletus
11%
China178kLinzi
8%
Syria53kMari
8%
Egypt47kSais
6%
Turkey56kSapinuwa
6%

Score Distribution

Percentile by Number Answered

Percent of People with Each Score

Your Score History

You have not taken this quiz